Criminología del menor delincuente

Uloženo v:
Podrobná bibliografie
Hlavní autoři: Zalaquett Peillard, Alejandro (Autor), Santa María Pérez, Juan Pedro (Autor)
Korporativní autor: Pontificia Universidad Católica de Chile. Facultad de Ciencias Jurídicas y Sociales (Autor)
Médium: Kniha
Jazyk:španělština
Vydáno: Santiago Andrés Bello 1972
Témata:
Tagy: Přidat tag
Žádné tagy, Buďte první, kdo vytvoří štítek k tomuto záznamu!

MARC

LEADER 00000nam a2200000 a 4500
001 UCS0116
003 CL-VaPUC
008 970418e19720000CL |||||||||||||||||spa|d
082 0 4 |a 364.36  |b ZAL  |2 21 
100 0 |a Zalaquett Peillard, Alejandro  |e author  |9 383221 
700 0 |a Santa María Pérez, Juan Pedro  |e author  |9 383222 
110 2 |a Pontificia Universidad Católica de Chile. Facultad de Ciencias Jurídicas y Sociales  |e author  |9 383223 
245 1 0 |a Criminología del menor delincuente 
300 |a 135 p 
942 |c BK 
945 |d 19970418 00:00:00  |a cmena 
260 |a Santiago  |b Andrés Bello  |c 1972 
600 0 7 |a CENTRO DE READAPTACION DE MENORES  |2 CL-VaPUC  |9 383224 
650 0 |a Delincuencia juvenil  |9 311188 
650 0 |a Criminología  |9 256168 
650 7 |a PSICOPATOLOGIA CRIMINAL  |2 CL-VaPUC  |9 338044 
650 0 |a Problemas sociales  |9 258537 
650 0 |a Adolescencia  |9 307361 
650 7 |a MENORES  |2 CL-VaPUC  |9 383225 
650 0 |a Trastornos del comportamiento  |9 311363 
650 7 |a REHABILITACION DE DELINCUENTES  |2 CL-VaPUC  |9 256396 
651 7 |a CHILE  |2 CL-VaPUC  |9 383226 
583 |a last modification  |c 19970418 00:00:00  |k Rodrigo Vera 
999 |c 258364  |d 258362 
952 |0 0  |1 0  |4 0  |6 364_360000000000000_ZAL_1972  |7 0  |8 A  |9 282399  |a BIBDER  |b BIBDER  |d 2019-11-19  |i 1827960  |o 364.36 ZAL 1972  |p 1827960  |r 2023-01-25  |w 2019-11-19  |y BK  |k DER